00387nam a2200169Ia 4500008004100000041001200041082002000053100001800073245002200091365000900113520001300122546001200135630002200147650001300169655001300182730002200195101110s9999 xx 000 0 und d aENGLISH bSR17289a657.42 aKhana, Pandey aPractical Costing b37.5 aCommerce aENGLISH aPractical Costing aCommerce aCommerce aPractical Costing